000 00672nam a2200253Ia 4500
003 OSt
005 20221007101130.0
006 a|||||r|||| 00| 0
007 ta
008 221006b |||||||| |||| 00| 0 eng d
024 _a5,891
037 _cTextual
040 _aLCO
_cLCO
_beng
041 _2eng
_aeng
082 _aZ10k2, L3
100 _aNagendra Singh
_9104192
245 0 _aIndia and International Law
260 _aNew
_bDelhi S. Chand & Co. (Pvt.) Ltd. India
_c1973
300 _a242
490 _vVol. - I
650 _aINDIA AND INTERNATIONAL LAW
_9702632
942 _hZ10k2, L3
_cTEXL
999 _c1175454
_d1175454